METODICKÝ KABINET PRO PŘEDŠKOLNÍ VÝCHOVU V LENINGRADU

Bibliographic Details
Main Author: Studihradová, Jarina (Author)
Format: Article
Language:Czech

MARC

LEADER 00000nab a2200000uu 4500
001 vtls011142884
003 SK-MaSNL
005 20260303111603.0
008 230121|1957 xo |||||||||||||||||cze|
015 |a SNBRB 
035 |a (urnnbn)urn:nbn:sk:snk:ar-008f6l 
035 |a (uuid)71347c76-4f43-4134-b2ea-aaf0f9d5fec9 
035 |a urn:nbn:sk:snk-abau9h 
040 |a SNKBUCL  |b slo  |c SNKBUCL  |e AACR2 
041 0 |a cze 
044 |a xo  |c SK 
100 1 |a Studihradová, Jarina  |4 aut  |9 1123362 
245 1 0 |a METODICKÝ KABINET PRO PŘEDŠKOLNÍ VÝCHOVU V LENINGRADU  |c Jarina Studihradová 
773 0 |t Předškolní výchova  |g Roč. 11, č. 10 (1957), s. 409-412 
954 |a odborná, vedecká literatúra cudzojazyčná (svetová)  |2 lita 
958 |a OND 
958 |a EUIPO 
958 |a article14 
999 |c 1878482  |d 1880412